000 01149nam a22003250a 4500
001 PT22661
003 AR-LpoUNG
005 20210131233109.0
008 191001s[200||||sp |||||||||||||||||spa d
020 _a8489377294
_c$22,26
040 _aAR-LpoUNG
_bspa
_cAR-LpoUNG
_eaacr
041 _aspa
_aeng
044 _asp
082 0 _a410 426ver
100 1 _aVeiga, Alexandre
_eed.
245 1 3 _aEl verbo entre el léxico y la gramática
260 _aLugo :
_bTris Tam,
_c[2001].
300 _a231 p. :
_bmapas
520 _aSelección de trabajos presentados en el Congreso Internacional de Lingüística temáticamente conectados con el estudio gramatical o léxico-gramatical, semántico y lexicográfico, admitiendo investigaciones de orientación sincrónica o diacrónica y referidas tanto a lingüística general como al estudio de lenguas concretas o grupos de lenguas.
650 4 _aGRAMATICA
650 4 _aLINGÜISTAS
650 4 _aLINGÜISTICA
650 4 _aSEMANTICA
653 _aLEXICO
653 _aVERBOS
700 1 _aAnderson, JoDee
_eed.
700 1 _aLonga, Víctor M.
_eed.
905 _a22661
942 _cLIB
999 _c19143
_d19143